000 00952nam a2200253Ia 4500
003 OSt
005 20221005112257.0
006 a|||||r|||| 00| 0
007 ta
008 221004b |||||||| |||| 00| 0 pan d
020 _a9788178564609 (hbk)
_cINR 250.00
024 _a38651
037 _b1021, 06/03/2018, H.K. Prakashan
_cTextual
040 _aCRL
_cCRL
_bpan
041 _2pan
_apan
082 _aQ8441wJ34, 153Q6
100 _aਸਿੰਘ, ਬ੍ਰਹਮਜਗਦੀF, ਂਚ.
245 0 _aਗੁਰੂ ਰਾਮ ਦਾਸ ਜੀਵਨ ਤੇ ਬਾਣੀ
260 _aਅੰਮ੍ਰਿਤਸਰ
_bਵਾਰਿਸ Fਾਹ ਖ਼ਾੳ੍ਵੂਡੇFਨ ਭਾਰਤ
_c2016
300 _a128ਪ0
_ccm.
650 _aਸਿੱਖ ਧਰਮ
_9156314
942 _hQ8441wJ34, 153Q6
_cTEXL
_2cc
999 _c1024395
_d1024395